|
|
|
|
| LEADER |
00000cam a2200000 a 4500 |
| 001 |
vtls011589081 |
| 003 |
SK-MaSNL |
| 005 |
20260301183038.0 |
| 008 |
171219s2016 xo o g f 000 0 slo |
| 015 |
|
|
|a SNBA2016/12
|
| 020 |
|
|
|a 9788055149820 (viaz.)
|
| 035 |
|
|
|a BE6BBEFF-10E9-4EDC-86C9-13BFEBE2F922
|
| 035 |
|
|
|a urn:nbn:sk:snk-amyck9
|
| 035 |
|
|
|a urn:nbn:sk:snk-am00chdm
|
| 040 |
|
|
|a SNK
|b slo
|c SNK
|e AACR2
|
| 041 |
1 |
|
|a slo
|h ger
|
| 044 |
|
|
|a xo
|c SK
|
| 072 |
|
7 |
|a 688
|x Dekoračné predmety. Hračky. Galantéria
|2 konspekt
|
| 080 |
|
|
|a 688.76:398.332.416
|2 2011
|
| 080 |
|
|
|a 398.332.414
|2 2011
|
| 080 |
|
|
|a 27-565.2
|2 2011
|
| 080 |
|
|
|a (035)
|2 2011
|
| 130 |
0 |
|
|a Wunderbare Adventszeit
|l Slovensky
|9 557768
|
| 245 |
1 |
0 |
|a Magický advent
|b vlastnoručne vytvorené dekorácie zútulnia váš domov
|c [z nemeckého originálu preložila Ľudmila Strukely]
|
| 250 |
|
|
|a 1. vyd.
|
| 260 |
|
|
|a Bratislava
|b Ikar
|c 2016
|
| 300 |
|
|
|a 127 s.
|b fareb. fotogr.
|c 25 cm
|
| 504 |
|
|
|a Zdroje obrázkov
|
| 650 |
0 |
7 |
|a vianočné dekorácie
|2 SNKPH
|9 74465
|
| 650 |
0 |
7 |
|a advent
|2 SNKPH
|9 738
|
| 650 |
0 |
7 |
|a Christmas decorations
|2 SNKPHeng
|9 335266
|
| 655 |
|
7 |
|a príručky
|2 SNKPH
|9 74364
|
| 655 |
|
7 |
|a Handbooks, manuals, etc.
|2 SNKPHeng
|9 90964
|
| 700 |
1 |
|
|a Strukely, Ľudmila
|4 trl
|9 340527
|
| 852 |
|
|
|a Štátna vedecká knižnica v Banskej Bystrici
|
| 919 |
|
|
|a 978-80-551-4982-0
|
| 958 |
|
|
|a OP
|
| 968 |
|
|
|b DT
|
| 999 |
|
|
|c 855680
|d 857610
|
| 952 |
|
|
|a SNK
|b SNK
|y VYP
|7 0
|p 17A1249911
|o snkSC 171936 D1
|i snk2016/27264
|8 0
|0 0
|1 0
|4 0
|d 2016-11-24
|l 0
|r 2026-02-24 04:55:34
|w 2026-02-24
|
| 952 |
|
|
|a SNK
|b SNK
|y PREZ
|7 0
|p 17A1218312
|o snkSC 171936
|i snk2016/26498
|8 0
|0 0
|1 0
|4 0
|d 2016-11-11
|f 1
|l 0
|r 2025-09-10 00:00:00
|w 2026-02-24
|